00815nam a2200217 i 4500003000900000005001700009007000300026008004100029020001800070040003200088082000700120100004900127245012800176264003600304300003900340336002700379337003300406338002800439500007300467700005700540DO-SdBNP20240322100520.0ta240322b2023 dr c|||| |||| 00| 0 spa d a9789945223156 aDO-SdBNPHUbspacBNPHUerda 4222 aHernández Polanco, Fe Pura,c1934-eautora10aPor qué no enloquecí en la pandemia /cFe Pura Hernández Polanco ; corrección de estilo, Manuel Jiménez Jiménez aSanto Domingo :bBúho,c2023. a52 páginas :bretratos ;c22 cm. 2rdacontentatextobtxt 2rdamediaasin mediaciónbn 2rdacarrieravolumenbnc aIncluye datos biográficos de la autora en la solapa de la cubierta aJiménez Jiménez, Manuel,ecorrección de estilo